000 00759nam a2200205Ii 4500
003 JO-AjNU
008 230605s9999||||xx |||||||||||||| ||und||
040 _aJO-AjNU
_bara
_erda
_cJO-AjNU
041 _aara
050 1 4 _aF3321.D8 1985
100 3 _aشنغارا، دوميتيلا باريوس؛ ترجمة فلو، سمية,
_eauthor
_936651
245 0 0 _aدعوني أتكلم: شهادة إمراة من المناجم البوليفية
250 _aط2
264 3 1 _aبيروت: مؤسسة الابحاث العربية، 1985
300 _a256ص
336 _atext
_btxt
_2rdacontent
337 _aunmediated
_bn
_2rdamedia
338 _avolume
_bnc
_2rdacarrier
650 4 _aالمرأة- بوليفيا-المراة-تراجم-تاريخ
_936652
999 _aA15246
_c18814
_d18814